000 00682cam a22002293a 4500
001 12702
003 PGUSA
005 20140828083255.0
008 040601s2004||||xxu|||||s|||||000 1 eng d
040 _aPGUSA
_beng
042 _adc
050 4 _aPZ
100 1 _aPotter, Beatrix,
_d1866-1943
245 1 4 _aThe Tale of Peter Rabbit
_h[electronic resource] /
_cBeatrix Potter
260 _bProject Gutenberg,
_c2004
506 _aCopyrighted. Read the copyright notice inside this book for details.
516 _aElectronic text
653 _aRabbits -- Juvenile fiction
830 0 _aProject Gutenberg
_v12702
856 4 0 _uhttp://www.gutenberg.org/ebooks/12702
942 _cEB
999 _c241957
_d241957